000 00875nam a2200229Ii 4500
003 JO-AjNU
008 230605s9999||||xx |||||||||||||| ||und||
017 _a2001/12/2520
020 _a9957-11-246-5
040 _aJO-AjNU
_bara
_erda
_cJO-AjNU
041 _aara
050 1 4 _aKMM49.J3296.2002
100 3 _aالجبوري ، ياسين محمد ,
_eauthor
_946433
245 0 0 _aالمبسوط في شرح القانون المدني
250 _aط1
264 3 1 _aعمان : دار وائل ، 2002
300 _a542ص
336 _atext
_btxt
_2rdacontent
337 _aunmediated
_bn
_2rdamedia
338 _avolume
_bnc
_2rdacarrier
650 4 _aالقانون المدني -- الاردن -- الفقه الإسلامي -- القانون المدني -- فرنسا -- القانون المدني -- مصر -- القانون المدني -- العراق
_946434
999 _aA20199
_c23767
_d23767